000 01092naa a22002897a 4500
001 BR9102891
003 BR-BrBNA
005 20250721155411.0
007 ta
008 250630b bl.|||m| |||| 00| 0 por d
040 _aBR-BrBNA
_bpor
_cBiblioteca Nacional de Agricultura
041 _a(Pt)
072 _aF01
_b0150
_bG514
090 _aF01 BR9102891
100 1 _aGalli, J.
111 1 _a3. Reuniao Nacional de Pesquisa de Arroz
_cGoiania, GO (Brazil)
_d16-20 Feb 1987
245 1 _aO arroz e a pesquisa nos Estados do Rio Grande do Sul e Santa Catarina
500 _aAnais da 3. Reuniao Nacional de Pesquisa de Arroz Goiania, GO (Brasil): 1991. p. 50-65 [5 ref.] (BR9102891-AMS)
773 0 _tAnais da 3. Reuniao Nacional de Pesquisa de Arroz
_wF01 BR9102891
_gGoiania, GO (Brasil), 1991. p. 50-65
650 _aARROZ
650 _aPESQUISA AGRICOLA
650 _aPRODUCAO
650 _aSANTA CATARINA
490 _aDocumentos - Centro Nacional de Pesquisa em Arroz e Feijao (Brazil)
_vno. 25
_xISSN 0101-9716
942 _cAMS
_2AGRIS
909 _a202506
_bLúcia
_c55
_dLúcia Elande
999 _c336290
_d336290